000 00490nam a2200193 a 4500
001 1771067064437
003 YourLibrary
005 20260214163807.0
008 260214s2002##################000#0#eng##
020 _a9780743242660
082 0 4 _a308.09773
_bMOR
100 1 _aMorgan, Peter,
_eauthor.
245 1 0 _aThe Appearance of Impropriety :
260 _bFree Press,
_c2002.
300 _a292 pages
650 0 _aLaw.
942 _cENGLISH
040 _aYourLibrary
_beng
_cYourLibrary
999 _c612620
_d612620